|
|
|
|
| LEADER |
00000nam0a2200000 4500 |
| 001 |
373885 |
| 005 |
20231102012615.0 |
| 035 |
|
|
|a (RuTPU)RU\TPU\retro\31316
|
| 035 |
|
|
|a RU\TPU\book\267460
|
| 090 |
|
|
|a 373885
|
| 100 |
|
|
|a 20221216d1990 k y0rusy50 ca
|
| 101 |
0 |
|
|a rus
|
| 102 |
|
|
|a RU
|
| 105 |
|
|
|a a dm 001zy
|
| 200 |
1 |
|
|a Трехленточная упругая опора испытательных систем управления космических аппаратов
|e автореферат диссертации на соискание ученой степени кандидата технических наук
|e Спец. 01.02.06 - Динамика, прочность машин, приборов и аппаратуры
|f В. И. Ветренко
|g Томский политехнический институт (ТПИ) ; науч. рук. В. И. Копытов
|
| 210 |
|
|
|a Томск
|d 1990
|
| 215 |
|
|
|a 18 с.
|c ил.
|
| 320 |
|
|
|a Библиогр.: с. 17-18.
|
| 371 |
0 |
|
|a For_staff_use
|
| 606 |
1 |
|
|a Космические аппараты
|2 stltpush
|3 (RuTPU)RU\TPU\subj\15787
|9 41997
|
| 610 |
1 |
|
|a авторефераты диссертаций
|
| 610 |
1 |
|
|a испытательные стенды
|
| 610 |
1 |
|
|a управление
|
| 610 |
1 |
|
|a упругие опоры
|
| 610 |
1 |
|
|a упругие ленты
|
| 675 |
|
|
|a 629.782
|v 3
|
| 700 |
|
1 |
|a Ветренко
|b В. И.
|g Владимир Ильич
|
| 702 |
|
1 |
|a Копытов
|b В. И.
|c российский ученый, физик
|c Заслуженный профессор Томского политехнического университета
|f 1929-
|g Владимир Ильич
|2 stltpush
|3 (RuTPU)RU\TPU\pers\19805
|4 727
|
| 712 |
0 |
2 |
|a Томский политехнический институт (ТПИ)
|c (1944-1991)
|2 stltpush
|3 (RuTPU)RU\TPU\col\1123
|
| 801 |
|
1 |
|a RU
|b 63413507
|c 20131121
|
| 801 |
|
2 |
|a RU
|b 63413507
|c 20221216
|g RCR
|
| 942 |
|
|
|c BK
|